| 000 | 00476nam a2200145Ia 4500 | ||
|---|---|---|---|
| 008 | 210428s9999 xx 000 0 und d | ||
| 020 | _a0-930403-69-X | ||
| 082 | _a660.04 A 498 A | ||
| 100 |
_aP.A.Henne _952200 |
||
| 245 | 0 |
_aApplied Computational Aerodynamics / _cP. A. Henne |
|
| 260 |
_bAmerican Institute of Aeronautics and Astronautics, _aWashington, DC _c1990 |
||
| 300 | _a914p | ||
| 440 |
_aProgress in astronautics and aeronautics V-125 _9127119 |
||
| 942 |
_cBK _2ddc |
||
| 999 |
_c559968 _d559968 |
||